| 000 | 01088nam a2200361 i 4500 | ||
|---|---|---|---|
| 001 | 15981833 | ||
| 003 | EG-ScBUE | ||
| 005 | 20230511100330.0 | ||
| 008 | 210907s2021 enka f b 001 0 eng d | ||
| 020 | _a9781913947026 | ||
| 020 | _a1913947025 | ||
| 035 | _a(NhCcYBP)om1116834226 | ||
| 035 | _a15981833 | ||
| 040 |
_aNhCcYBP _beng _erda _cNhCcYBP _dEG-ScBUE |
||
| 082 | 0 | 4 |
_222 _a701.18 _bCOT |
| 100 | 1 |
_aCothren, Michael Watt, _eauthor. |
|
| 245 | 1 | 0 |
_aMethods & theories of art history / _bMichael W. Cothren, Anne D'Alleva. |
| 246 | 3 | _aMethods and theories of art history | |
| 250 | _aThird edition. | ||
| 264 | 1 |
_aLondon : _bLaurence King Publishing, _c2021. |
|
| 300 |
_a198 pages : _bcolor illustrations ; _c21 cm |
||
| 336 |
_atext _btxt _2rdacontent |
||
| 337 |
_aunmediated _bn _2rdamedia |
||
| 338 |
_avolume _bnc _2rdacarrier |
||
| 500 | _aIncludes index. | ||
| 650 | 7 |
_aArt criticism. _2BUEsh |
|
| 653 |
_bART _cMay2023 |
||
| 655 | _vReading book | ||
| 700 | 1 |
_aD'Alleva, Anne, _eauthor. |
|
| 942 |
_2ddc _cBB |
||
| 960 | _a39002137600111 | ||
| 987 | _cON ORDER | ||
| 999 |
_c30329 _d30300 |
||